[Event "Landesliga Sued 0607"]
[Site "Bayern"]
[Date "2006.11.19"]
[Round "3.5"]
[White "Walch, Ingo"]
[Black "Schlinkmeier, Karsten"]
[Result "1/2-1/2"]
[WhiteElo "2067"]
[BlackElo "2107"]
[PlyCount "157"]
[EventDate "2006.10.15"]
[EventType "team-tourn"]
[EventRounds "9"]
[EventCountry "GER"]
[SourceTitle "EXT 2008"]
[Source "ChessBase"]
[SourceDate "2007.11.25"]
[SourceVersion "1"]
[SourceVersionDate "2007.11.25"]
[SourceQuality "1"]
[WhiteTeam "Pfarrkirchen SC"]
[BlackTeam "Garching"]
[WhiteTeamCountry "GER"]
[BlackTeamCountry "GER"]

1. d4 d5 2. c4 c6 3. cxd5 cxd5 4. Nf3 Nc6 5. Bf4 Nf6 6. Nc3 a6 7. e3 Bg4 8. h3 Bxf3 9. Qxf3 e6 10. Bd3 Nb4 11. Bb1 Rc8 12. 0-0 Be7 13. Qe2 0-0 14. Bg5 Nd7 15. Bxe7 Qxe7 16. Rd1 Rfd8 17. a3 Nc6 18. Bc2 g6 19. Rac1 Na5 20. f3 Nc4 21. Bb1 b5 22. e4 Qd6 23. Ba2 Ndb6 24. e5 Qe7 25. Bxc4 bxc4 26. Rd2 Rb8 27. Rf1 Qd7 28. Qd1 Qc6 29. f4 Nd7 30. g4 f5 31. exf6 Nxf6 32. Qe2 Rb3 33. Re1 Kf7 34. f5 gxf5 35. gxf5 Re8 36. fxe6+ Qxe6 37. Qxe6+ Rxe6 38. Rf1 Kg7 39. Rdf2 Rd6 40. Kg2 Ne4 41. Rf7+ Kg6 42. Nd1 Rg3+ 43. Kh2 Rxh3+ 44. Kxh3 Ng5+ 45. Kh4 Nxf7 46. Ne3 Nd8 47. Rf5 Ne6 48. Rxd5 Rxd5 49. Nxd5 Nxd4 50. Kg4 h5+ 51. Kf4 Nb3 52. Nb4 Nc5 53. Ke3 h4 54. Nd5 Nd3 55. b4 h3 56. Kf3 Nb2 57. Nf4+ Kf5 58. Nxh3 Ke5 59. Ke3 Nd3 60. Ng5 Ne1 61. Kd2 Ng2 62. Kc3 Kd5 63. Nh3 Ne3 64. Nf4+ Ke4 65. Ne6 Kd5 66. Nc7+ Kc6 67. Nxa6 Kb5 68. Nc5 Nd5+ 69. Kd4 Nxb4 70. a4+ Ka5 71. Kxc4 Na6 72. Nxa6 Kxa6 73. Kb4 Ka7 74. Kb5 Ka8 75. a5 Ka7 76. a6 Ka8 77. Kb6 Kb8 78. a7+ Ka8 79. Ka6 1/2-1/2